|
|
|
|
| LEADER |
00000nam a2200000 a 4500 |
| 001 |
UCY0653 |
| 003 |
CL-VaPUC |
| 008 |
940809e19590000SP |||||||||||||||||spa|d |
| 082 |
0 |
4 |
|a 320
|b CAR
|2 21
|
| 100 |
0 |
|
|a Carro Martínez, Antonio
|e author
|9 328440
|
| 245 |
1 |
0 |
|a Derecho político
|
| 300 |
|
|
|a 379 p
|
| 942 |
|
|
|c BK
|
| 945 |
|
|
|d 19940809 00:00:00
|a aalvarez
|
| 260 |
|
|
|a Madrid
|b s.n
|c 1959
|
| 650 |
|
0 |
|a Derecho político
|9 257756
|
| 583 |
|
|
|a last modification
|c 20120812 04:48:08
|k Rodrigo Vera
|
| 999 |
|
|
|c 229607
|d 229605
|
| 952 |
|
|
|0 0
|1 0
|4 0
|6 320_000000000000000_CAR_1959
|7 0
|8 A
|9 230931
|a BIBDER
|b BIBDER
|d 2019-11-15
|i 300614K
|o 320 CAR 1959
|p 300614K
|r 2023-01-25
|w 2019-11-15
|y BK
|k DER
|